عرض عادي
عرض مارك
- Information technology.
مدخل مصطلح موضوعي
001 - رقم الضبط
- حقل الضبط: 52160
003 - معرف رقم الضبط
- حقل الضبط: OSt
005 - تاريخ ووقت أخر عملية
- حقل الضبط: 20151012203913.0
008 - عناصر بيانات ثابتة الطول
- حقل تحكم ثابت الطول: 151012|| aca||aabn | a|a d
040 ## - مصدر الفهرسة
- هيئة الفهرسة الأصلية: OSt
- وكالة الكتابة: OSt
150 ## - مدخل-- مصطلح تاريخي
- عنصر مدخل المصطلح الموضوعي او الاسم الجغرافي: Information technology.
670 ## - بيانات المصدر موجوده
- الاستشهاد بالمصدر: Work cat.: (OSt)0: Laudon, Kenneth C., 1944- author. 52157, E-commerce :
